000 00592nam a22002177a 4500
003 UA-OsUOA
001 88985
007 ta
008 20121023b un ||||| |||| 00| 0 ukr d
100 _aСипко Л.
090 _a82
_bС39
942 _cSA
040 _aUA-OsUOA
_bukr
_cUA-OsUOA
_dUA-OsUOA
245 _aВивчення художнього твору в єдності його змісту і форми
300 _aС.19-25
955 _a0
041 _aukr
080 _a82
773 0 _w88982
650 7 _a82 Література. Літературознавство
_2UDC
999 _c375275
_d375275